| 000 | 01070nam a22002297a 4500 | ||
|---|---|---|---|
| 005 | 20250904150339.0 | ||
| 008 | 240424b ||||| |||| 00| 0 eng d | ||
| 082 | _aDPer 621.317 Ie21 November 2022 v. 37 n. 11 | ||
| 100 |
_aXiao, Hongfei. _eauthor. _956553 |
||
| 245 |
_aFully self-powered inductor-less electromagnetic vibration energy harvesting system using auxiliary coils for hysteresis current MPPT control / _cHongfei Xiao, Han Peng, Xianchao Liu, and Hanyi Sun. |
||
| 260 |
_aNew York ; _bThe Institute of Electrical and Electronics Engineers, Inc. , _cNovember 2022. |
||
| 300 |
_aVolume 37, pages 13192-13204 : _billustration ; _c28 cm. |
||
| 500 | _aIEEE Transactions on Power Electronics, vol. 37, no. 11, pages 13192-13204, November 2022. | ||
| 650 | 0 |
_aAC–DC converter. _967166 |
|
| 650 | 0 |
_aMagnetic hysteresis. _967167 |
|
| 650 | 0 |
_aCouplings. _965917 |
|
| 700 |
_aXiao, Hongfei. _eauthor. _956553 |
||
| 700 |
_aPeng, Han. _eauthor. _956554 |
||
| 700 |
_aLiu, Xianchao. _eauthor. _956555 |
||
| 700 |
_aSun, Hanyi. _eauthor. _956556 |
||
| 942 |
_2ddc _cPER |
||
| 999 |
_c20134 _d20134 |
||